Difficult Flag Quiz - Statistics

General Stats
  • This quiz has been taken 15 times
  • The average score is 13 of 15
Answer Stats
Picture Answer % Correct
Egypt
93%
Georgia
93%
Kenya
93%
Kuwait
93%
Comoros
86%
Jordan
86%
South Sudan
86%
Sudan
86%
Uzbekistan
86%
Benin
79%
Djibouti
79%
Libya
79%
Myanmar
79%
Tajikistan
79%
Gabon
64%
No matching quizzes found
Score Distribution
Percent of People with Each Score
Percentile by Number Answered
Your Score History
You have not taken this quiz